LEADER 00972nas a2200217 4500 001 000000334631 003 CaOOAMICUS 005 20220209115459.0 008 190704c20189999it uu 0 0ita r 040 $aSeMil$bita 245 00$aPercorsi di teologia urbana$h[generale di collana] /$ccollana diretta da Armando Matteo. 264 1$aPadova :$bMessaggero,$c2018- 300 $a v. ;$c18 cm 362 0 $a1(2018)- 700 1 $aMatteo, Armando,$d<1970- >.$0(OLS)http://semarc/name/12971 830 0$aPercorsi di teologia urbana.$0(OLS)http://semarc/title/424295 850 $aSeMil 852 $aSeMil$W1$xVenegono$y1$mVedi "Titolo uniforme di collana" per le collocazioni dei singoli volumi$j222888$qSottoscrizione aperta$B227107$CSeMilBibl$Z2$F227107 $81 996 $6245$aPercorsi di teologia urbana$h[generale di collana]$9(OLS)http://semarc/title/436509 996 $6264$aPadova :$bMessaggero$9(OLS)http://semarc/publisher/29786 LEADER 01308nam a2200253 i 4500 001 000000188994 003 CaOOAMICUS 005 20100427000000.0 008 100427s1959 fr u000 u fre u 013 $a167242 040 $aSeMil$bita 100 1 $aFortin, E. L.$0(OLS)http://semarc/name/69216 245 10$aChristianisme et culture philosophique au cinquième siècle :$bla querelle de l'âme humaine en Occident /$cPar E. L. Fortin. 260 $aParis :$bÉtudes Augustiniennes,$c1959. 300 $a196 p. ;$c25 cm. 490 0 $aCollection d'Études augustiniennes. Série antiquité 650 4$aClaudiano : Mamerto . De statu animae.$0(OLS)http://semarc/subject/35567 650 4$aAnima - Dottrina patristica.$0(OLS)http://semarc/subject/12690 650 4$aCristianesimo e filosofia - Sec. 5.$0(OLS)http://semarc/subject/35568 830 0$aCollection d'Études augustiniennes. Série antiquité.$0(OLS)http://semarc/title/9394 850 $aSeMil 852 $aSeMil$W1$xVenegono$y1$m2T V 108$j139629$B139629$CSeMilBibl$Z2$F151232 $81 996 $6245$aChristianisme et culture philosophique au cinquième siècle :$bla querelle de l'âme humaine en Occident$9(OLS)http://semarc/title/272091 996 $6260$aParis :$bÉtudes Augustiniennes$9(OLS)http://semarc/publisher/30131